Racionálna farmakoterapia v praxi praktického lekára ušetrené prostriedky obmedzením iracionálnej preskripcie sa vracajú do systému nákladov na lieky

Bibliographic Details
Main Authors: Gajdošík, Ján, 1948-2025 (Author), Kriška, Milan, 1940- (Author)
Format: Article
Language:Slovak
PhysicalDescription:Tab.
ISSN:1335-4477
Subjects:

MARC

LEADER 00000nab a2200000 a 4500
001 vtls000756176
005 20260601124322.0
008 140303c2001 xo 0 slo
015 |a SNBRB2001/05-14445 
035 |a CLN000107963 
040 |a SNKBUCL  |b slo  |c SNKBUCL  |e AACR2 
041 0 |a slo 
044 |a xo  |c SK 
080 |a 616-085:615.2  |2 1997 
080 |a 615.2:616-085  |2 1997 
100 1 |a Gajdošík, Ján,  |d 1948-2025  |4 aut  |9 1639797 
245 1 0 |a Racionálna farmakoterapia v praxi praktického lekára  |b ušetrené prostriedky obmedzením iracionálnej preskripcie sa vracajú do systému nákladov na lieky  |c Ján Gajdošík, Milan Kriška 
300 |b Tab. 
650 0 7 |a racionálna farmakoterapia  |2 snkbucl  |9 17148 
650 0 7 |a praktickí lekári  |2 snkbucl  |9 102151 
655 7 |a články z novín a časopisov  |2 snkbucl  |9 267496 
700 1 |a Kriška, Milan,  |d 1940-  |4 aut  |9 207645 
773 0 |t Zdravotnícke noviny  |g Roč. 6, č. 8 (2001), s. 9  |x 1335-4477 
852 |a SNK 
958 |a MI 
999 |c 1438558  |d 1440488